|
|
|
|
| LEADER |
01398nam a22003258i 4500 |
| 001 |
30727 |
| 005 |
20151220180927.0 |
| 008 |
151215s2015 enk b 001 0 eng |
| 010 |
|
|
|a 2014036826
|
| 020 |
|
|
|a 9780415825986 (hardback)
|
| 020 |
|
|
|a 9780203538036 (ebook)
|
| 040 |
|
|
|a DLC
|b eng
|c DLC
|e rda
|d DLC
|d BD-DhAAL
|
| 050 |
0 |
0 |
|a HD5852
|b .I853 2015
|
| 082 |
0 |
0 |
|a 331.12
|2 23
|
| 100 |
1 |
|
|a Islam, Rizwanul
|9 15725
|
| 245 |
1 |
0 |
|a Employment and inclusive development /
|c Rizwanul Islam and Iyanatul Islam.
|
| 260 |
|
|
|a London ;
|a New York :
|b Routledge,
|c 2015
|
| 300 |
|
|
|a xxi, 263 pages :
|b illustrations ;
|c 24 cm
|
| 504 |
|
|
|a Includes bibliographical references and index.
|
| 526 |
|
|
|a BBS
|
| 541 |
|
|
|e 30727
|
| 650 |
|
0 |
|a Labor market
|z Developing countries.
|9 7846
|
| 650 |
|
0 |
|a Economic development
|z Developing countries.
|9 15726
|
| 650 |
|
0 |
|a Employment (Economic theory)
|9 15727
|
| 700 |
1 |
|
|a Islam, Iyanatul,
|d 1953-
|9 15728
|
| 852 |
|
|
|a Ayesha Abed Library
|c General Stacks
|
| 942 |
|
|
|2 ddc
|c BK
|
| 999 |
|
|
|c 35906
|d 35906
|
| 952 |
|
|
|0 0
|1 0
|2 ddc
|4 0
|6 331_120000000000000_ISL
|7 0
|9 57169
|a BRACUL
|b BRACUL
|c GEN
|d 2015-12-07
|e Trim Education
|g 8605.00
|l 0
|o 331.12 ISL
|p 3010030728
|r 2015-12-07
|t 2
|w 2015-12-07
|y BK
|
| 952 |
|
|
|0 0
|1 0
|2 ddc
|4 0
|6 331_120000000000000_ISL
|7 0
|9 57260
|a BRACUL
|b BRACUL
|c GEN
|d 2015-12-15
|e Trim Education
|g 8605.00
|l 3
|m 13
|o 331.12 ISL
|p 3010030727
|r 2024-01-04
|s 2023-10-18
|t 1
|w 2015-12-15
|y BK
|